LDR 01107naa#a2200169#i#450# 001 RU\INFRA-M\bibl\91907 005 20260514023513.4 011 ## _a2305-7807 100 ## _a20241025b2024####ek#y0rusy0150####ca 102 ## _aRU 200 1# _aТРАНСФОРМАЦИЯ КОРПОРАТИВНОЙ КУЛЬТУРЫ ДЛЯ ДОСТИЖЕНИЯ ЦЕЛЕЙ УСТОЙЧИВОГО РАЗВИТИЯ _eЖурнальная статья 210 1# _aМосква _cОбщество с ограниченной ответственностью «Научно-издательский центр ИНФРА-М» _d2024 215 ## _a5 с. 608 ## _aЖурнальная статья _2local 675 ## _aДинамика народного хозяйства. Экономическое развитие. 330.3 _aТеория и организация труда. Взаимоотношения между предприятием и персоналом, между работодателями и работающими, между трудом и капиталом. 331.1 _z 700 #1 _aКоновалова _gВ. Г. 856 4# _azh-szf.ru _u